[Event "Copenhagen Chess Challenge 2012"]
[Site "Ballerup DEN"]
[Date "2012.05.04"]
[Round "4"]
[White "Vesterli,M"]
[Black "Bendixen,D"]
[Result "1-0"]
[WhiteElo "2030"]
[BlackElo "1837"]

1.d4 Nf6 2.c4 g6 3.Nc3 Bg7 4.e4 d6 5.Be2 O-O 6.Nf3 e5 7.O-O Nc6 8.d5 Nb8
9.Ne1 Ne8 10.Be3 f5 11.f3 f4 12.Bf2 a5 13.c5 Na6 14.Nd3 Qe7 15.cxd6 cxd6
16.Rc1 Bd7 17.b3 Nb4 18.Nb2 Rb8 19.Bb6 Ra8 20.a3 Na6 21.Bxa5 Nf6 22.Nc4 g5
23.Nb6 Rae8 24.Nb5 g4 25.Nc7 gxf3 26.Bxf3 Nc5 27.Nxe8 Bxe8 28.Re1 Bg6 29.Rc4 h5
30.b4 Na6 31.b5 Nc5 32.Na4 Ncxe4 33.Bxe4 Nxe4 34.Rexe4 f3 35.gxf3 Qg5+ 36.Kh1 Bf5
37.Re1 Bh3 38.Rg1 Qe3 39.Rc7 Qf2 40.Rgxg7+  1-0

[Event "47th Capablanca Memorial Premier"]
[Site "Havana CUB"]
[Date "2012.05.05"]
[Round "2.3"]
[White "Hernandez Carmenates,Hold"]
[Black "Morovic Fernandez,I"]
[Result "1/2-1/2"]
[WhiteElo "2570"]
[BlackElo "2577"]

1.d4 Nf6 2.c4 g6 3.Nc3 Bg7 4.e4 d6 5.Nf3 O-O 6.Be2 e5 7.O-O Nc6 8.d5 Ne7
9.b4 Nh5 10.Re1 f5 11.Ng5 Nf4 12.Bxf4 exf4 13.Rc1 Bf6 14.Ne6 Bxe6 15.dxe6 Bxc3
16.Rxc3 fxe4 17.Bf1 e3 18.fxe3 fxe3 19.Rcxe3 c6 20.Kh1 Qb6 21.Rd3 d5 22.cxd5 cxd5
23.Be2 Rf6 24.Bf3 Rd8 25.Bxd5 Qxb4 26.Be4 Rxd3 27.Bxd3 Rf2 28.Be2 Qf4 29.h3 Qf6
30.Bc4 Qc3 31.Bb3 Kg7 32.Qc1 Qg3 33.Qa1+ Kh6 34.Rg1 Nf5 35.Qc1+ Kg7 36.Qa1+ Kh6
37.Qc1+ Kg7 38.Qa1+  1/2-1/2

[Event "Copenhagen Chess Challenge 2012"]
[Site "Ballerup DEN"]
[Date "2012.05.06"]
[Round "9"]
[White "Teplyi,I"]
[Black "Sylvan,J"]
[Result "1-0"]
[WhiteElo "2388"]
[BlackElo "2310"]

1.d4 g6 2.c4 Bg7 3.Nf3 Nf6 4.Nc3 O-O 5.e4 d6 6.Be2 e5 7.O-O Nc6 8.d5 Ne7
9.b4 a5 10.bxa5 c5 11.Nd2 Rxa5 12.a4 Nd7 13.Nb5 Ra6 14.Ra3 f5 15.Bb2 Nf6
16.f4 exf4 17.Qa1 fxe4 18.Rxf4 Nf5 19.Nxe4 Nxe4 20.Rxe4 Bxb2 21.Qxb2 Bd7
22.Bg4 Bxb5 23.cxb5 Ra8 24.Bxf5 Rxf5 25.Rae3 Qf6 26.Re8+ Rxe8 27.Rxe8+ Kf7
28.Qxf6+ Kxf6 29.Re6+ Kg5 30.Rxd6 c4 31.Rd7 b6 32.Rd6 c3 33.Rxb6 Rf4 34.Rc6 Rxa4
35.d6 Rd4 36.b6 Kf6 37.Rxc3 Rxd6 38.Rb3 Rd8 39.b7 Rb8 40.Kf2 Ke5 41.Ke3 Kd6
42.Kf4  1-0

[Event "Asian Continental 2012"]
[Site "Ho Chi Minh City VIE"]
[Date "2012.05.06"]
[Round "2.19"]
[White "Goh Weiming"]
[Black "Wen Yang"]
[Result "0-1"]
[WhiteElo "2426"]
[BlackElo "2550"]

1.d4 Nf6 2.c4 g6 3.Nc3 Bg7 4.e4 d6 5.Nf3 O-O 6.Be2 e5 7.O-O Nc6 8.Be3 Ng4
9.Bg5 f6 10.Bh4 h5 11.d5 Ne7 12.Nd2 Nh6 13.f3 g5 14.Bf2 f5 15.c5 fxe4 16.fxe4 Ng4
17.Nc4 Nxf2 18.Rxf2 Rxf2 19.Kxf2 g4 20.Qb3 Ng6 21.cxd6 cxd6 22.Kg1 Bf8 23.Rf1 Rb8
24.a4 Bd7 25.g3 Nh8 26.Kg2 Nf7 27.a5 Ng5 28.Qb4 b5 29.axb6 axb6 30.Na3 b5
31.Nc2 Qb6 32.Ra1 Be7 33.Rf1 Nh3 34.Nd1 Bg5 35.Qb3 Rf8 36.Nde3 Rxf1 37.Bxf1 Qa5
38.Qc3 b4 39.Qe1 Qc5 40.b3 Bxe3 41.Nxe3 Qd4 42.Kh1 Qxe4+ 43.Bg2 Qd4 44.Nc2 Qc3
45.Bxh3 Qxc2 46.Bf1 Qxb3 47.Qd2 Kf7 48.Kg1 Qc3 49.Qg5 Qd4+ 50.Kg2 Qxd5+ 51.Kf2 Qc5+
52.Ke1 e4 53.Qf4+ Bf5 54.Bc4+ Kg6 55.Be2 e3 56.Bc4 d5 57.Qe5 Qxc4 58.Qe8+ Kf6
59.Qf8+ Ke5 60.Qe7+ Kd4  0-1

[Event "FSGM May 2012"]
[Site "Budapest HUN"]
[Date "2012.05.07"]
[Round "3"]
[White "Flumbort,A"]
[Black "Battey,A"]
[Result "1-0"]
[WhiteElo "2503"]
[BlackElo "2403"]

1.d4 Nf6 2.c4 g6 3.Nc3 Bg7 4.Nf3 d6 5.e4 O-O 6.Be2 e5 7.O-O Nc6 8.d5 Ne7
9.b4 Ne8 10.a4 a5 11.bxa5 Rxa5 12.Nd2 f5 13.Nb3 Ra8 14.a5 Nf6 15.f3 h5 16.c5 f4
17.Ba3 g5 18.Nb5 Ne8 19.Rc1 Rf7 20.Nxc7 Nxc7 21.cxd6 Ne8 22.dxe7 Rxe7 23.d6 Rd7
24.Bb5 Rxd6 25.Bxd6 Nxd6 26.Qd5+ Nf7 27.Bc4 Qxd5 28.Bxd5 Kf8 29.a6 Nd6 30.Nc5  1-0

[Event "FSIM May 2012"]
[Site "Budapest HUN"]
[Date "2012.05.09"]
[Round "5"]
[White "Kojima,S"]
[Black "Tesik,C"]
[Result "0-1"]
[WhiteElo "2264"]
[BlackElo "2339"]

1.Nf3 Nf6 2.c4 g6 3.Nc3 Bg7 4.e4 d6 5.d4 O-O 6.Be2 e5 7.O-O Nc6 8.d5 Ne7
9.Ne1 Nd7 10.Nd3 f5 11.Bd2 Nf6 12.f3 f4 13.c5 g5 14.Rc1 Rf7 15.Nb5 Ng6 16.Ba5 b6
17.cxd6 cxd6 18.Bb4 Bf8 19.Rc6 Ne8 20.a4 h5 21.Qb3 g4 22.Rfc1 g3 23.Bf1 Rg7
24.Be1 Nh4 25.R6c2 Bd7 26.Nb4 Qg5 27.h3 Nf6 28.Nc7 Nxe4 29.Ne6 Nc5 30.Rxc5 Bxe6
31.dxe6 bxc5 32.e7+ Kh7 33.exf8=Q Rxf8 34.Nd5 e4 35.Bc3 exf3 36.Bxg7 f2+
37.Kh1 f3 38.Qc4 Kxg7 39.Nc7 d5 40.Qxc5 fxg2+ 41.Bxg2 f1=Q+ 42.Rxf1 Rxf1+
43.Bxf1 g2+ 44.Kg1 gxf1=Q+  0-1

[Event "FSIM May 2012"]
[Site "Budapest HUN"]
[Date "2012.05.11"]
[Round "7"]
[White "Farago,S"]
[Black "Lengyel,B"]
[Result "1/2-1/2"]
[WhiteElo "2270"]
[BlackElo "2260"]

1.d4 Nf6 2.c4 g6 3.Nc3 Bg7 4.e4 O-O 5.Nf3 d6 6.Be2 e5 7.O-O Nc6 8.d5 Ne7
9.b4 Nh5 10.c5 Nf4 11.Bxf4 exf4 12.Rc1  1/2-1/2

[Event "Asian Continental 2012"]
[Site "Ho Chi Minh City VIE"]
[Date "2012.05.11"]
[Round "7.27"]
[White "Irwanto,S"]
[Black "Hamdani,R"]
[Result "1-0"]
[WhiteElo "2419"]
[BlackElo "2322"]

1.d4 Nf6 2.c4 g6 3.Nc3 Bg7 4.e4 d6 5.Nf3 O-O 6.Be2 e5 7.O-O Nc6 8.d5 Ne7
9.b4 a5 10.bxa5 Rxa5 11.a4 Nd7 12.Nd2 f5 13.Nb3 Ra8 14.a5 Nf6 15.f3 f4 16.Ba3 Rf7
17.c5 g5 18.cxd6 cxd6 19.Na4 Ng6 20.Nb6 Rxa5 21.Nxc8 Rxa3 22.Rxa3 Qxc8 23.Qa1 Bf8
24.Rc1 Qd8 25.Qc3 g4 26.Qa5 Qe7 27.Nd2 gxf3 28.Bxf3 Nh4 29.Rc8 Nxf3+ 30.Rxf3 b6
31.Qxb6 Ng4 32.h3 h5 33.Nc4 Rh7 34.Rc6 Qh4 35.Rc7 Be7 36.Nxd6 Rg7 37.Nf5 Qe1+
38.Rf1 Qxe4 39.hxg4  1-0

[Event "30th Liechtenstein Open 2012"]
[Site "Triesen LIE"]
[Date "2012.05.12"]
[Round "2.24"]
[White "Bauder,Her"]
[Black "Schachinger,M"]
[Result "0-1"]
[WhiteElo "1930"]
[BlackElo "2385"]

1.d4 Nf6 2.Nf3 g6 3.c4 Bg7 4.Nc3 O-O 5.e4 d6 6.Be2 e5 7.O-O Nc6 8.d5 Ne7
9.Ne1 Nd7 10.Nd3 f5 11.f3 f4 12.Bd2 g5 13.Qc2 Nf6 14.Nf2 h5 15.h3 Ng6 16.Rfc1 Nh4
17.Qd1 Rf7 18.Be1 Bf8 19.Nd3 Ng6 20.Nf2 Rg7 21.Na4 Nh8 22.c5 Nf7 23.cxd6 cxd6
24.Rc2 Nh6 25.Nc3 g4 26.hxg4 hxg4 27.fxg4 Nhxg4 28.Nxg4 Nxg4 29.Bxg4 Bxg4
30.Qd3 Rh7 31.Nd1 Qg5 32.Nf2 Bd7 33.Rac1 Re8 34.b3 Ree7 35.a4 Reg7 36.Qf3 Qh6
37.Nd3 Bg4 38.Qf1 Qh2+ 39.Kf2 Bh3 40.Kf3 Bxg2+ 41.Rxg2 Rh3+ 42.Kf2 Rxg2+
43.Qxg2+ Qxg2+ 44.Kxg2 Rxd3 45.Rc3 Rd1 46.Bf2 a6 47.Rc7 b5 48.axb5 axb5 49.Rb7 Rd3
50.Rxb5 Kf7 51.Rb7+ Kg6 52.b4 Kh5 53.Rf7 Bh6 54.Rh7 Rb3 55.Rd7 Kg4 56.Rxd6 f3+
57.Kf1 Rb1+ 58.Be1 Bd2 59.Rc6 Bxe1 60.b5 Bg3+  0-1

[Event "21st CRO-Cup"]
[Site "Sibenik CRO"]
[Date "2012.05.16"]
[Round "1.71"]
[White "Martic,Z"]
[Black "Bubalovic,D"]
[Result "1/2-1/2"]
[WhiteElo "2362"]
[BlackElo "2280"]

1.d4 Nf6 2.c4 g6 3.Nc3 Bg7 4.e4 d6 5.Nf3 O-O 6.Be2 e5 7.O-O Nc6 8.d5 Ne7
9.Ne1 Nd7 10.Nd3 f5 11.Bd2 Kh8 12.Rc1 Ng8 13.exf5 gxf5 14.f4 e4 15.Nf2 c5
16.dxc6 bxc6 17.Be3 Ndf6 18.Qa4 Bb7 19.Rfd1 Qb8 20.b4 Ne7 21.Rd2 Re8 22.Nh3 h6
23.Qd1 d5 24.b5 dxc4 25.Bxc4 Ng4 26.Bd4 Rd8 27.Bxg7+ Kxg7 28.Rd7 Kf8 29.Qd4 Rxd7
30.Qxd7 Qd8 31.Qe6 Qd4+ 32.Kh1 Qf6 33.Qd7 Bc8 34.Qd8+ Kg7 35.bxc6 e3 36.Nd5 Nxd5
37.Qxd5 Qe7 38.c7 Qxc7 39.Qxa8 Be6 40.Qe8 Bxc4 41.Qe6 Nf2+ 42.Kg1 Nxh3+ 43.gxh3 Qxf4  1/2-1/2

[Event "21st CRO-Cup"]
[Site "Sibenik CRO"]
[Date "2012.05.16"]
[Round "1.22"]
[White "Kuljasevic,D"]
[Black "Orak,L"]
[Result "1/2-1/2"]
[WhiteElo "2574"]
[BlackElo "2323"]

1.d4 Nf6 2.c4 g6 3.Nc3 Bg7 4.e4 d6 5.Nf3 O-O 6.Be2 e5 7.O-O Nc6 8.Be3 Ng4
9.Bg5 f6 10.Bh4 h5 11.d5 Ne7 12.h3 Nh6 13.Nd2 Nf7 14.b4 c6 15.Rc1 a5 16.a3 axb4
17.axb4 Ra3 18.c5 dxc5 19.Nc4 Rxc3 20.Rxc3 cxd5 21.Rd3 b5 22.Na3 c4 23.Rd2 Nd6
24.Rxd5 Nxd5 25.Qxd5+ Nf7 26.Qxb5 g5 27.Bg3 h4 28.Bh2 c3 29.Qc4 Bb7 30.Nb5 Ba6
31.Qc6 Qc8 32.Qxc8 Rxc8 33.Nxc3 Bxe2 34.Nxe2 Rc2 35.Nc1 Bf8 36.Rd1 Bxb4 37.Nd3 Bc3
38.Kf1 Bd4 39.Bg1 Nd6 40.f3 Nc4 41.Rc1 Rxc1+  1/2-1/2

[Event "21st CRO-Cup"]
[Site "Sibenik CRO"]
[Date "2012.05.16"]
[Round "1.31"]
[White "Lalic,B"]
[Black "Zelic,Z"]
[Result "1-0"]
[WhiteElo "2507"]
[BlackElo "2397"]

1.Nf3 Nf6 2.c4 g6 3.Nc3 Bg7 4.e4 d6 5.d4 O-O 6.Be2 e5 7.O-O Nc6 8.d5 Ne7
9.b4 Nh5 10.Re1 Nf4 11.Bf1 h6 12.c5 f5 13.Bxf4 exf4 14.e5 Kh7 15.Rc1 dxe5
16.Nxe5 Ng8 17.Nc4 Bd7 18.d6 cxd6 19.Nxd6 b6 20.Nd5 bxc5 21.bxc5 Qa5 22.c6 Bc8
23.c7 g5 24.a4 Nf6 25.Ne7 Ng4 26.Nexc8 Raxc8 27.Nxc8 Rxc8 28.Qd7 Nxf2 29.Re7  1-0

[Event "e2e4 Amersham Open"]
[Site "Amersham ENG"]
[Date "2012.05.18"]
[Round "1"]
[White "Brown,Th"]
[Black "Hebden,M"]
[Result "0-1"]
[WhiteElo "2113"]
[BlackElo "2512"]

1.d4 Nf6 2.Nf3 g6 3.c4 Bg7 4.Nc3 O-O 5.e4 d6 6.Be2 e5 7.O-O Nc6 8.d5 Ne7
9.Ne1 Nd7 10.Be3 f5 11.f3 f4 12.Bf2 g5 13.a4 a6 14.Nd3 Rf6 15.c5 Kh8 16.g4 fxg3
17.hxg3 dxc5 18.Bxc5 Nxc5 19.Nxc5 Ng6 20.Kg2 Bf8 21.Nd3 Bd6 22.Qd2 h6 23.Rh1 Kg7
24.Nd1 Bd7 25.Ne3 Qe7 26.Nf2 Rf7 27.Nfg4 Rh8 28.Rh5 Bc5 29.Rc1 Bxe3 30.Nxe3 Bc8
31.Qc3 Qf6 32.Qa5 Qe7 33.Rc2 Rhf8 34.Nf5+ Bxf5 35.exf5 b6 36.Qc3 Rxf5 37.Qxc7 R5f7
38.Qxb6 Rf6 39.Rc6 e4 40.d6 Qe5 41.Rc7+ R8f7 42.Rxf7+ Rxf7 43.f4 Qd5 44.Qe3 Qxd6
45.fxg5 hxg5 46.Rxg5 Rb7 47.Bh5 Rxb2+ 48.Kh3 Qd7+ 49.g4 Rb6 50.Rxg6+ Rxg6
51.Bxg6 Kxg6 52.Qxe4+ Kf6 53.Kh4 Qd6 54.Qf5+ Kg7 55.Qg5+ Kh7 56.Qf5+ Kg7
57.a5 Qh2+ 58.Kg5 Qh6+  0-1

[Event "Serbia Cup Final 2012"]
[Site "Kragujevac SRB"]
[Date "2012.05.18"]
[Round "5"]
[White "Mirkovic,St"]
[Black "Pavlovic,Neb"]
[Result "0-1"]
[WhiteElo "2242"]
[BlackElo "2332"]

1.Nf3 Nf6 2.c4 g6 3.Nc3 Bg7 4.e4 d6 5.d4 O-O 6.Be2 e5 7.O-O Nc6 8.d5 Ne7
9.b4 c6 10.Bd2 cxd5 11.cxd5 Bd7 12.Qb3 b5 13.Bd3 Qb6 14.a4 a6 15.axb5 axb5
16.Ra5 Rxa5 17.bxa5 Qxa5 18.Nxb5 Qb6 19.Be3 Qb7 20.Rb1 Nexd5 21.exd5 e4 22.Nxd6 Qxb3
23.Rxb3 exf3 24.Bc4 fxg2 25.Kxg2 Ng4 26.Bc5 Ne5 27.Be2 Rd8 28.Nb7 Rc8 29.Bd6 Bf5
30.Nc5 h5 31.Rb8 Rxb8 32.Bxb8 Nd7 33.Nxd7 Bxd7 34.Ba6 Kf8 35.Bd6+ Ke8 36.Kf3 Ba4
37.Bc8 Kd8 38.Bb7 Kd7 39.Bf4 Bd4 40.Bg3 f6 41.Ba6 Bc5 42.Bd3 g5 43.Ke4 h4
44.Bb8 Kc8 45.Kf5 Kxb8 46.Kxf6 Bxf2 47.Kxg5 Kc7 48.Kg4 Kd6 49.Kf3 Kxd5 50.Be4+ Ke5
51.Bb7 Bd4 52.Kg2 Kf4 53.Bd5 Ke3 54.h3  0-1

[Event "21st CRO-Cup"]
[Site "Sibenik CRO"]
[Date "2012.05.19"]
[Round "5.102"]
[White "Djurovic,G"]
[Black "Orak,L"]
[Result "1-0"]
[WhiteElo "2375"]
[BlackElo "2323"]

1.Nf3 Nf6 2.c4 g6 3.Nc3 Bg7 4.e4 d6 5.d4 O-O 6.Be2 e5 7.O-O Nc6 8.d5 Ne7
9.b4 a5 10.Ba3 axb4 11.Bxb4 b6 12.a4 Nd7 13.a5 bxa5 14.Bxa5 Ba6 15.Qc2 Nc8
16.Ra3 Ncb6 17.Qa2 Bb7 18.Rb1 f5 19.Bxb6 cxb6 20.Rxa8 Bxa8 21.Qa7 Bf6 22.h3 Qc8
23.Nb5 Be7 24.Nd2 Bb7 25.Qa3 Nc5 26.Bf3 Qd8 27.Nc3 Bg5 28.Nf1 Ba6 29.Qb4 Qf6
30.exf5 gxf5 31.Na4 e4 32.Be2 f4 33.Bg4 e3 34.Nxc5 bxc5 35.Qa4 Bc8 36.Bxc8 exf2+
37.Kh1 Rxc8 38.Qd7 Rd8 39.Qg4 Kh8 40.Qe2 f3 41.Qxf3 Re8 42.Qxf6+ Bxf6 43.g4 Re4
44.Kg2 Rxc4 45.Rb8+ Kg7 46.Kxf2 Rf4+ 47.Ke2 h5 48.Ng3 Ra4 49.Nxh5+ Kf7 50.Nxf6 Kxf6
51.Re8 Kg5 52.Rg8+ Kh4 53.Kf3 c4 54.Rh8+ Kg5 55.h4+ Kf6 56.Rc8 Ke5 57.g5 c3
58.Kg3 Kxd5 59.g6 Ra1 60.h5 Rh1 61.Kf4 Ke6 62.g7  1-0

[Event "e2e4 Amersham Open"]
[Site "Amersham ENG"]
[Date "2012.05.20"]
[Round "5"]
[White "Brown,Th"]
[Black "Whitfield,C"]
[Result "0-1"]
[WhiteElo "2113"]
[BlackElo "2004"]

1.d4 Nf6 2.c4 g6 3.Nc3 Bg7 4.e4 d6 5.Nf3 O-O 6.Be2 e5 7.O-O Nc6 8.d5 Ne7
9.Ne1 Nd7 10.Kh1 f5 11.exf5 Nxf5 12.f4 Nc5 13.fxe5 Bxe5 14.Nf3 Bg7 15.Bg5 Qe8
16.Qd2 h6 17.g4 hxg5 18.gxf5 Bxf5 19.Nxg5 Bh6 20.h4 Ne4 21.Ncxe4 Bxe4+ 22.Kg1 Qe5
23.Qe3 Rxf1+ 24.Rxf1 Re8 25.Bg4 Bxg5 26.hxg5 Bf5 27.Qxe5 Rxe5 28.Bxf5 gxf5
29.Kf2 Kg7 30.b3 Re4 31.Rg1 Kg6 32.Kf3 a5 33.Rh1 Re7 34.Kf4 Re4+ 35.Kf3 b5
36.cxb5 Rb4 37.Rh8 Kxg5 38.Rb8 Kf6 39.Ke3 Ke5 40.Kd3 f4 41.Kc3 f3 42.Re8+ Kxd5
43.Rf8 Ke4  0-1

[Event "21st CRO-Cup"]
[Site "Sibenik CRO"]
[Date "2012.05.20"]
[Round "6.62"]
[White "Martic,Z"]
[Black "Ivic,Mat"]
[Result "1/2-1/2"]
[WhiteElo "2362"]
[BlackElo "2298"]

1.d4 Nf6 2.c4 g6 3.Nc3 Bg7 4.e4 d6 5.Nf3 O-O 6.Be2 e5 7.O-O Nc6 8.d5 Ne7
9.Ne1 Nd7 10.Nd3 f5 11.Bd2 Kh8 12.Rc1 f4 13.b4 Nf6 14.c5 g5 15.f3 Ng6 16.Nf2 Nh4
17.Nb5 a6 18.Na3 h5 19.h3 Rg8 20.cxd6 cxd6 21.Qc2 g4 22.fxg4 Bh6 23.Qc7 Qf8
24.Nc4 hxg4 25.Nxd6 Rg7 26.Qxc8 Rxc8 27.Rxc8 Qxc8 28.Nxc8 gxh3 29.Nd6 f3
30.Nf7+ Rxf7 31.Bxh6 hxg2 32.Re1 fxe2 33.Rxe2 Ng4 34.Be3 Nf6 35.Nd3 Nxe4
36.Bf2 Nxf2 37.Rxf2 Rd7 38.Ne1 Rxd5 39.Nxg2 Nxg2 40.Kxg2 Kg7 41.Rc2 Kf6 42.Kf3 Rd4
43.b5 axb5 44.Rc7 Ra4 45.Rxb7 b4 46.Ke3 Kf5 47.Rf7+ Ke6 48.Rb7 Kd5 49.Rd7+ Kc6
50.Rd2 Kb5 51.Rc2 Kb6 52.Rb2 Kb5 53.Ke4 Kc4 54.Kxe5  1/2-1/2

[Event "21st CRO-Cup"]
[Site "Sibenik CRO"]
[Date "2012.05.20"]
[Round "6.33"]
[White "Ascic,P"]
[Black "Armanda,I"]
[Result "0-1"]
[WhiteElo "2298"]
[BlackElo "2399"]

1.d4 Nf6 2.c4 g6 3.Nc3 Bg7 4.e4 d6 5.Nf3 O-O 6.Be2 e5 7.O-O Nc6 8.d5 Ne7
9.Ne1 Nd7 10.Nd3 f5 11.f3 f4 12.Bd2 g5 13.g4 fxg3 14.hxg3 Ng6 15.Be3 Nf4
16.Ne1 Rf6 17.Rc1 Rg6 18.Rc2 Nf6 19.g4 h5 20.Bxf4 gxf4 21.g5 Nxd5 22.Ng2 Ne3
23.Nxe3 fxe3 24.f4 exf4 25.Bf3 Rxg5+ 26.Kh1 Qe8 27.Nd5 Qf7 28.Rh2 c6 29.Bxh5 Rxh5
30.Rxh5 cxd5 31.Rg1 f3 32.Rhg5 Kf8 33.R5g3 e2  0-1

[Event "50th ch-IND Challengers 2012"]
[Site "Tirupati IND"]
[Date "2012.05.24"]
[Round "9.4"]
[White "Sharma,Di"]
[Black "Lahiri,A"]
[Result "1/2-1/2"]
[WhiteElo "2362"]
[BlackElo "2332"]

1.d4 Nf6 2.c4 g6 3.Nc3 Bg7 4.e4 d6 5.Nf3 O-O 6.Be2 e5 7.O-O Nc6 8.d5 Ne7
9.Ne1 Nd7 10.Nd3 f5 11.Bd2 Nf6 12.f3 f4 13.g4 h5 14.g5 Nh7 15.h4 Nxg5 16.hxg5 Nf5
17.exf5 Qxg5+ 18.Kh1 Qh4+ 19.Kg1 Qg3+ 20.Kh1 Qh3+ 21.Kg1 Rxf5 22.Ne4 Rg5+
23.Nxg5 Qg3+ 24.Kh1 Qh4+ 25.Kg2 Qxg5+ 26.Kh1 Qh4+  1/2-1/2

[Event "4th Limpedea Cup"]
[Site "Baia Sprie ROU"]
[Date "2012.05.26"]
[Round "6.3"]
[White "Dumitrache,D"]
[Black "Smith,Bry"]
[Result "1/2-1/2"]
[WhiteElo "2446"]
[BlackElo "2444"]

1.Nf3 g6 2.c4 Bg7 3.Nc3 d6 4.d4 Nf6 5.e4 O-O 6.Be2 e5 7.O-O Nc6 8.d5 Ne7
9.b4 Ne8 10.a4 f5 11.a5 Nf6 12.Nd2 fxe4 13.Ndxe4 Nf5 14.Bg5 Nd4 15.c5 a6
16.Rc1 Bf5 17.Bd3 Qd7 18.Bxf6 Bxf6 19.Ne2 Bg7 20.Nxd4 exd4 21.c6 Qc8 22.Ng3 Bxd3
23.Qxd3 Rb8 24.cxb7 Qxb7 25.h4 Rf7 26.Qe4 Qb5 27.Rfe1 d3 28.Rcd1 d2 29.Re2 Bh6
30.h5 Qa4 31.Rdxd2 Bxd2 32.hxg6 Qa1+ 33.Nf1 hxg6 34.Rxd2 Kg7 35.Qc4 Qb1 36.Qc3+ Kg8
37.Rd4 Qf5 38.Qd2 Rbf8 39.f3 Re7 40.Ng3 Qe5 41.Kf2 Kg7 42.Rh4 Rh8 43.Re4 Qf6
44.Rxe7+ Qxe7 45.Qc3+ Kh7 46.Ne4 Rf8 47.Ke3 Kh6 48.g4 g5 49.Qc1 Qe5 50.Qxc7 Qxd5
51.Qxd6+ Qxd6 52.Nxd6 Rb8 53.Nf7+ Kg6 54.Ne5+ Kg7 55.Nd3 Kf6 56.Kd4 Ke7 57.Kc4 Kd6
58.Nc5 Rc8 59.Kd4 Kc6 60.Nxa6 Rf8 61.Ke4 Rf4+ 62.Ke3 Rc4 63.Nc5 Rxb4 64.Ne6 Ra4
65.Nxg5 Kd5 66.Ne4 Rxa5 67.Kf4 Ke6 68.g5 Ra1 69.Nc5+ Kf7 70.Nd3 Ke6 71.Nc5+ Kf7
72.Nd3 Ke6  1/2-1/2

[Event "6th ENCI Limburg Open 2012"]
[Site "Limburg NED"]
[Date "2012.05.26"]
[Round "3.6"]
[White "Beeke,B"]
[Black "Berg,E"]
[Result "1-0"]
[WhiteElo "2231"]
[BlackElo "2587"]

1.Nf3 Nf6 2.c4 g6 3.Nc3 Bg7 4.e4 d6 5.d4 O-O 6.Be2 e5 7.O-O Nc6 8.d5 Ne7
9.b4 a5 10.Ba3 axb4 11.Bxb4 b6 12.a4 Re8 13.Nd2 c5 14.Ba3 Rf8 15.Bb2 Ne8
16.Bg4 f5 17.Bh3 Nf6 18.Ra3 Bh6 19.Re1 Bd7 20.f3 Kh8 21.Nb5 fxe4 22.Bxd7 Bxd2
23.Qxd2 Qxd7 24.f4 Kg8 25.fxe5 dxe5 26.Bxe5 Ng4 27.Rxe4 Qf5 28.Qe1 Qh5 29.Rh3 Qg5
30.Rg3 h5 31.h3 Nf5 32.Bf4 Qh4 33.hxg4 Nxg3 34.Bxg3 Qg5 35.Bh4 Qh6 36.Re7 Rxa4
37.Qe6+ Kh8 38.Bf6+  1-0

[Event "29th BSG Pinkster Open"]
[Site "Bussum NED"]
[Date "2012.05.27"]
[Round "5.2"]
[White "Riemersma,L"]
[Black "Bakker,Guido"]
[Result "1/2-1/2"]
[WhiteElo "2425"]
[BlackElo "2089"]

1.d4 Nf6 2.c4 g6 3.Nc3 Bg7 4.e4 d6 5.Be2 O-O 6.Nf3 e5 7.O-O Nc6 8.d5 Ne7
9.b4 Ne8 10.c5 f5 11.a4 Nf6 12.Nd2 Kh8 13.Ba3 fxe4 14.Ndxe4 Nxe4 15.Nxe4 Bf5
16.Bf3 dxc5 17.Nxc5 e4 18.Nxe4 Nxd5 19.b5 Bxe4 20.Bxe4 Nc3 21.Qxd8 Rfxd8
22.Bxb7 Rab8 23.Bf3 Nxa4 24.Be7 Re8 25.Rae1 Nc3 26.Bc6 Rg8 27.h4 Nxb5 28.Bd5 Rge8
29.Bc6 Rg8 30.Bd5 Rge8 31.Bf7 Rec8 32.Be6 Re8 33.Bd7 Rg8 34.Re4 Nd6 35.Ra4 Nc8
36.Bxc8 Rbxc8 37.Bc5  1/2-1/2

[Event "50th ch-IND Challengers 2012"]
[Site "Tirupati IND"]
[Date "2012.05.27"]
[Round "12.10"]
[White "Bitan,B"]
[Black "Praneeth,S"]
[Result "1-0"]
[WhiteElo "2342"]
[BlackElo "2155"]

1.d4 Nf6 2.c4 g6 3.Nc3 Bg7 4.e4 d6 5.Nf3 O-O 6.Be2 e5 7.O-O Nc6 8.d5 Ne7
9.b4 Ne8 10.Nd2 f5 11.c5 a5 12.Ba3 axb4 13.Bxb4 fxe4 14.Ndxe4 Nf5 15.cxd6 cxd6
16.Nb5 Bd7 17.a4 Qe7 18.Bd3 Bxb5 19.axb5 Rxa1 20.Qxa1 Nf6 21.Qa3 Nxe4 22.Bxe4 Rd8
23.b6 Nd4 24.Re1 Qd7 25.h3 Bf8 26.Bd3 Qf7 27.Rc1 Kh8 28.Qa2 Qf4 29.Bd2 Qf7
30.Rc7 Rd7 31.Qa8  1-0

[Event "1st Euro 2012 Open"]
[Site "Lviv UKR"]
[Date "2012.05.28"]
[Round "1"]
[White "Polulikh,Bogdan"]
[Black "Terletsky,O"]
[Result "0-1"]
[WhiteElo "1876"]
[BlackElo "2169"]

1.d4 Nf6 2.c4 g6 3.Nc3 Bg7 4.e4 O-O 5.Nf3 d6 6.Be2 e5 7.O-O Nc6 8.d5 Ne7
9.a4 Nh5 10.Re1 f5 11.Ng5 Nf6 12.Bf3 c6 13.dxc6 bxc6 14.c5 d5 15.exd5 Nfxd5
16.Bxd5+ cxd5 17.Nb5 h6 18.Nf3 Nc6 19.Nd6 Be6 20.a5 e4 21.Qa4 Qd7 22.Nh4 Kh7
23.f4 Rab8 24.Ra3 Bd4+ 25.Be3 Bxb2 26.Rb3 Rxb3 27.Qxb3 Bf6 28.Bf2 d4 29.Qg3 g5
30.fxg5 hxg5 31.Nhxf5 Bxf5 32.Nxe4 Bxe4 33.Rxe4 d3 34.Qf3 d2 35.Qd1 Kg7 36.Be3 Qd3
37.Re6 Bd4 38.Bxd4+ Qxd4+ 39.Kh1 Ne5 40.Rd6 Qf4 41.Qg1 Ng4 42.Qa1+ Qe5 43.Qxe5+ Nxe5
44.Kg1 Nc4  0-1

[Event "Albena Masters Open 2012"]
[Site "Albena BUL"]
[Date "2012.05.29"]
[Round "4.24"]
[White "Bucher,M"]
[Black "Baryshpolets,A"]
[Result "0-1"]
[WhiteElo "2215"]
[BlackElo "2487"]

1.d4 Nf6 2.c4 g6 3.Nc3 Bg7 4.e4 d6 5.Nf3 O-O 6.Be2 e5 7.O-O Nc6 8.d5 Ne7
9.Ne1 Nd7 10.Be3 f5 11.f3 f4 12.Bf2 g5 13.a4 a5 14.Nd3 b6 15.b4 axb4 16.Nxb4 Nf6
17.Nd3 h5 18.Nb5 g4 19.a5 bxa5 20.c5 Ng6 21.Qd2 a4 22.Rfc1 g3 23.hxg3 fxg3
24.Bxg3 h4 25.Bf2 Ba6 26.Rcb1 Nh5 27.Rxa4 Ngf4 28.Nxf4 Nxf4 29.Kh1 h3 30.g3 Nxe2
31.Qxe2 Bxb5 32.Qxb5 Rxa4 33.Qxa4 Rxf3 34.Rb2 Qf6 35.Qc2 dxc5 36.Qxc5 Rd3
37.Kh2 Qf3 38.Kxh3 Qh1+ 39.Kg4 Qxe4+ 40.Kh3 Qh1+ 41.Kg4 Qe4+ 42.Kh3 Rd1 43.Bg1 Qh1+
44.Bh2 Qf1+ 45.Rg2 Qf5+ 46.g4 Rd3+ 47.Rg3 Qh7+ 48.Kg2 Rd2+ 49.Kg1 Qb1+  0-1

[Event "1st Euro 2012 Open"]
[Site "Lviv UKR"]
[Date "2012.05.29"]
[Round "2"]
[White "Omelja,A"]
[Black "Khrinovskyi,Oleksiy"]
[Result "0-1"]
[WhiteElo "2304"]
[BlackElo "2103"]

1.d4 Nf6 2.c4 g6 3.Nc3 Bg7 4.e4 d6 5.Nf3 O-O 6.Be2 e5 7.O-O Nc6 8.d5 Ne7
9.b4 c6 10.a4 a5 11.bxa5 Qxa5 12.Bb2 Ne8 13.Nd2 c5 14.Nb5 Qd8 15.Ra3 f5 16.f4 exf4
17.Qa1 Bxb2 18.Qxb2 fxe4 19.Nxe4 Ra6 20.Raf3 g5 21.Nxg5 Ng6 22.Ne4 Qe7 23.Nec3 Qg7
24.Qd2 Nf6 25.Bd3 Nh5 26.Ne4 Ne5 27.R3f2 Bf5 28.Be2 Bxe4 29.Bxh5 Nxc4 30.Qe2 Ne3
31.Rc1 Bxd5 32.Nc3 Bc6 33.Bf3 d5 34.Qa2 Kh8 35.Nxd5 Rxa4 36.Qb3 c4 37.Qb6 Nxd5  0-1

[Event "1st Euro 2012 Open"]
[Site "Lviv UKR"]
[Date "2012.05.30"]
[Round "4"]
[White "Omelja,A"]
[Black "Nayhebaver,Martin"]
[Result "1-0"]
[WhiteElo "2304"]
[BlackElo "2141"]

1.d4 Nf6 2.c4 g6 3.Nc3 Bg7 4.e4 O-O 5.Nf3 d6 6.Be2 e5 7.O-O Nc6 8.d5 Ne7
9.b4 Nd7 10.a4 f5 11.a5 Nf6 12.Bd3 h6 13.Nd2 f4 14.c5 g5 15.Ba3 Ng6 16.b5 b6
17.cxd6 cxd6 18.Nc4 Ne8 19.Bb4 Rb8 20.axb6 axb6 21.Be2 Qc7 22.f3 h5 23.Na4 Bd7
24.Rc1 Bxb5 25.Nxd6 Bxa4 26.Qxa4 Qd8 27.Nf5 Rxf5 28.exf5 Nh4 29.Qc6 Kh8 30.Qe6 Qf6
31.Bd3 g4 32.Be7 Qxe6 33.fxe6 Bf6 34.Bxf6+ Nxf6 35.d6 Rg8 36.d7 gxf3 37.Rc8  1-0

[Event "Spring Wednesday Knighter Masters"]
[Site "Minneapolis USA"]
[Date "2012.05.30"]
[Round "6.2"]
[White "Amarasinghe,P"]
[Black "Hoover,N"]
[Result "0-1"]
[WhiteElo "2019"]
[BlackElo "2123"]

1.d4 Nf6 2.c4 g6 3.Nc3 Bg7 4.e4 d6 5.Nf3 O-O 6.Be2 e5 7.O-O Nc6 8.d5 Ne7
9.Ne1 Nd7 10.f3 f5 11.g4 Nf6 12.Nd3 h6 13.h4 Rf7 14.Be3 Bf8 15.Rc1 Kh8 16.c5 Neg8
17.cxd6 cxd6 18.Kg2 Qd7 19.Nf2 Nh7 20.Rh1 Qd8 21.Qc2 f4 22.Bd2 Be7 23.Nb5 Bd7
24.Qc7 Rc8 25.Nxd6 Qxc7 26.Nxf7+ Kg7 27.Rxc7 Rxc7 28.Nxe5 Be8 29.Bc3 Bf6
30.d6 Rxc3 31.bxc3 Bxe5 32.Rd1 Bd7 33.Nd3 Bxc3 34.Rc1 Ba5 35.Nc5 Bc6 36.e5 Nf8
37.Bc4 Bb6 38.Nd3 g5 39.hxg5 hxg5 40.Nb4 Bd7 41.Bd5 Nh6 42.Re1 Ne6 43.Bxb7 Nf7
44.Nd5 Nc5 45.Nxb6 axb6 46.Ba6 Nxa6 47.e6 Bxe6 48.Rxe6 Nc5 49.Re5  0-1

[Event "10th IM Int"]
[Site "Sao Jose do Rio Preto BRA"]
[Date "2012.05.30"]
[Round "1.2"]
[White "Barreto Filho,C"]
[Black "Roselli Mailhe,B"]
[Result "1-0"]
[WhiteElo "2346"]
[BlackElo "2419"]

1.d4 Nf6 2.c4 g6 3.Nc3 Bg7 4.e4 d6 5.Nf3 O-O 6.Be2 e5 7.O-O Nc6 8.d5 Ne7
9.Ne1 Ne8 10.Nd3 f5 11.Bd2 Nf6 12.f3 f4 13.c5 g5 14.Rc1 Ng6 15.Nb5 Rf7 16.Ba5 b6
17.cxd6 bxa5 18.dxc7 Qf8 19.Qa4 g4 20.Qxa5 g3 21.h3 a6 22.Nc5 Ne8 23.Rfd1 Nd6
24.Ne6 Nb7 25.Nxf8 Nxa5 26.Nxg6 hxg6 27.d6 axb5 28.Bxb5 Rd7 29.Bxd7 Bxd7
30.c8=Q+ Bxc8 31.d7 Bxd7 32.Rxd7 Bf8 33.b3 Ra6 34.Rc8 Nc6 35.Rd6 Rxa2 36.Rdxc6 Rb2
37.Rxg6+ Kf7 38.Rgc6 Rxb3 39.R8c7+ Be7 40.Kf1 Rb1+ 41.Rc1 Rb2 42.R7c2 Rb3
43.Ra2 Ba3 44.Rc7+ Ke6 45.Ra7 Bc5 46.R2a6+ Bd6 47.Rh7 Rb1+ 48.Ke2 Rb2+ 49.Kd3 Rxg2
50.Rh6+ Ke7 51.Raxd6 Rg1 52.Ra6 Rd1+ 53.Ke2 g2 54.Ra7+  1-0